[Event "Bank Lviv-open 2016 (C-Open)"]
[Site "Lviv"]
[Date "2016.03.14"]
[Round "12.6"]
[White "Budnikov, Oleg"]
[Black "Mischuk, Dmitry"]
[Result "1-0"]
[WhiteElo "2445"]
[BlackElo "2406"]
[PlyCount "103"]
[EventDate "2016.03.14"]
[EventType "swiss (blitz)"]
[EventRounds "13"]
[EventCountry "UKR"]

1. e4 c6 2. d4 d5 3. Nc3 dxe4 4. Nxe4 Nd7 5. Nf3 Ngf6 6. Ng3 h5 7. Bd3 h4 8.
Ne2 h3 9. g3 Nb6 10. O-O Bg4 11. Ne5 Bxe2 12. Qxe2 Qd5 13. Nf3 e6 14. c4 Qh5
15. Bf4 Be7 16. Rfe1 Kf8 17. Rad1 Rd8 18. b3 Bb4 19. Rf1 Qg4 20. Be3 Be7 21.
Ne5 Qxe2 22. Bxe2 Nbd7 23. f4 Ne4 24. Bf3 Nd6 25. g4 g6 26. Rfe1 Kg7 27. Bc1 a5
28. Nxd7 Rxd7 29. Bb2 Rhd8 30. d5+ Bf6 31. Bxf6+ Kxf6 32. dxc6 bxc6 33. Bxc6
Rc7 34. Bf3 Rcd7 35. c5 Nc8 36. Rxd7 Rxd7 37. Kf2 g5 38. fxg5+ Kxg5 39. Rd1 Rc7
40. Rc1 Kf4 41. Rc4+ Ke5 42. Kg3 Ne7 43. Kxh3 Ng6 44. Kg3 f5 45. gxf5 exf5 46.
c6 Kf6 47. Rc5 Ne5 48. Rxa5 Rg7+ 49. Kf2 Rh7 50. h4 Rxh4 51. c7 Rh2+ 52. Bg2
1-0

[Event "Bank Lviv-open 2016 (C-Open)"]
[Site "Lviv"]
[Date "2016.03.14"]
[Round "13.1"]
[White "Bortnyk, Olexandr"]
[Black "Malaniuk, Vladimir P"]
[Result "1/2-1/2"]
[WhiteElo "2707"]
[BlackElo "2514"]
[PlyCount "24"]
[EventDate "2016.03.14"]
[EventType "swiss (blitz)"]
[EventRounds "13"]
[EventCountry "UKR"]

1. d4 f5 2. Nc3 Nf6 3. Bf4 g6 4. e3 Bg7 5. h4 h6 6. Bd3 O-O 7. Nf3 d6 8. Qd2
Nc6 9. O-O-O Ng4 10. Bg3 Kh8 11. e4 e5 12. dxe5 dxe5 1/2-1/2

[Event "Bank Lviv-open 2016 (C-Open)"]
[Site "Lviv"]
[Date "2016.03.14"]
[Round "13.2"]
[White "Volokitin, Andrei"]
[Black "Bortnyk, Mykola"]
[Result "0-1"]
[WhiteElo "2590"]
[BlackElo "2646"]
[PlyCount "102"]
[EventDate "2016.03.14"]
[EventType "swiss (blitz)"]
[EventRounds "13"]
[EventCountry "UKR"]

1. e4 Nf6 2. e5 Nd5 3. d4 d6 4. c4 Nb6 5. exd6 exd6 6. Nc3 Be7 7. Bd3 O-O 8.
Nge2 Bf6 9. O-O Re8 10. Ne4 Bf5 11. Nxd6 Qxd6 12. Bxf5 Nxc4 13. Qd3 Qd5 14.
Bxh7+ Kf8 15. Bf5 Nc6 16. b3 Nd6 17. Ba3 Rxe2 18. Qxe2 Qxf5 19. Rac1 Re8 20.
Qc2 Qxc2 21. Rxc2 Bxd4 22. Rd1 Kg8 23. g3 Nb5 24. Bc1 Nc3 25. Rd3 Ne2+ 26. Kf1
Nxc1 27. Rxc1 Bb6 28. Re1 Rxe1+ 29. Kxe1 Nd4 30. h4 c5 31. Kd1 f6 32. g4 Kf7
33. h5 Bc7 34. Re3 Be5 35. Re4 Ne6 36. Ra4 a6 37. Re4 b5 38. Kd2 Ke7 39. Kd3
Kd6 40. Re1 Kd5 41. Rd1 c4+ 42. bxc4+ bxc4+ 43. Ke3+ Bd4+ 44. Ke2 c3 45. Kd3
Nf4+ 46. Kc2 Kc4 47. Re1 Nd3 48. Re7 Nb4+ 49. Kc1 Nxa2+ 50. Kb1 Kb3 51. Rb7+
Nb4 0-1

[Event "Bank Lviv-open 2016 (C-Open)"]
[Site "Lviv"]
[Date "2016.03.14"]
[Round "13.3"]
[White "Kovalev, Vladislav"]
[Black "Vorontsov, Pavlo"]
[Result "1/2-1/2"]
[WhiteElo "2561"]
[BlackElo "2327"]
[PlyCount "78"]
[EventDate "2016.03.14"]
[EventType "swiss (blitz)"]
[EventRounds "13"]
[EventCountry "UKR"]

1. e4 d5 2. exd5 Qxd5 3. Nc3 Qd6 4. d4 Nf6 5. Nf3 g6 6. g3 Bg7 7. Bg2 Qa6 8. a4
O-O 9. Nb5 c6 10. Nc3 Rd8 11. Qe2 Bg4 12. Be3 Qxe2+ 13. Nxe2 Nbd7 14. O-O Nd5
15. Nc3 Nb4 16. Rac1 e5 17. Nxe5 Nxe5 18. dxe5 Bxe5 19. Ne4 Bf5 20. c3 Nd5 21.
Bg5 Re8 22. Rfe1 Kg7 23. a5 h6 24. Bd2 Rad8 25. Rcd1 Bg4 26. f3 Bf5 27. Bc1 Bc7
28. a6 bxa6 29. Nf2 Rxe1+ 30. Rxe1 Bb6 31. Kf1 a5 32. f4 h5 33. h3 a4 34. Bf3
Be6 35. Ne4 a3 36. bxa3 Ba5 37. Bb2 Nb6 38. c4+ Kh6 39. Bf6 Rd3 1/2-1/2

[Event "Bank Lviv-open 2016 (C-Open)"]
[Site "Lviv"]
[Date "2016.03.14"]
[Round "13.4"]
[White "Budnikov, Oleg"]
[Black "Shevchenko, Kirill"]
[Result "1-0"]
[WhiteElo "2445"]
[BlackElo "2395"]
[PlyCount "101"]
[EventDate "2016.03.14"]
[EventType "swiss (blitz)"]
[EventRounds "13"]
[EventCountry "UKR"]

1. Nf3 Nf6 2. c4 e6 3. d4 b6 4. g3 Bb7 5. Bg2 Be7 6. O-O O-O 7. Nc3 Ne4 8. Bd2
Bf6 9. Rc1 d6 10. d5 Nxc3 11. Bxc3 Bxc3 12. Rxc3 e5 13. Nd2 a5 14. e4 Nd7 15.
f4 Qe7 16. Bh3 Nc5 17. Re3 Ba6 18. Rf2 b5 19. cxb5 Bxb5 20. Nf3 exf4 21. gxf4
Nxe4 22. Qc2 Rfe8 23. Bf5 Nxf2 24. Rxe7 Rxe7 25. Qxf2 Rae8 26. Qd4 h6 27. Bd3
Bd7 28. Kf2 Bg4 29. Nd2 Re1 30. f5 Bh5 31. Ne4 Rh1 32. Ng3 Rxh2+ 33. Kg1 Rd2
34. Qc3 Re1+ 35. Nf1 Rdd1 36. Kf2 Bg4 37. Ne3 Rc1 38. Qxa5 Bh5 39. Qa8+ Kh7 40.
f6+ Bg6 41. fxg7 Kxg7 42. Bxg6 fxg6 43. Qd8 g5 44. Qe7+ Kg6 45. Qe6+ Kh7 46.
Qf7+ Kh8 47. Nf5 Rf1+ 48. Kg3 Rg1+ 49. Kf3 Rgf1+ 50. Kg4 Rc4+ 51. Kh5 1-0

[Event "Bank Lviv-open 2016 (C-Open)"]
[Site "Lviv"]
[Date "2016.03.14"]
[Round "13.5"]
[White "Sivuk, Vitaly"]
[Black "Kuzubov, Yuriy"]
[Result "0-1"]
[WhiteElo "2463"]
[BlackElo "2676"]
[PlyCount "58"]
[EventDate "2016.03.14"]
[EventType "swiss (blitz)"]
[EventRounds "13"]
[EventCountry "UKR"]

1. d4 Nf6 2. Nf3 d5 3. c4 e6 4. g3 dxc4 5. Bg2 Nc6 6. O-O Rb8 7. Nc3 Bb4 8. Bg5
O-O 9. e4 h6 10. Bh4 Be7 11. e5 Nd5 12. Bxe7 Ncxe7 13. Qa4 Nb6 14. Qc2 Bd7 15.
Ne4 Bc6 16. Rfd1 Bxe4 17. Qxe4 Nbd5 18. Nd2 c3 19. bxc3 Nxc3 20. Qg4 Nxd1 21.
Rxd1 c5 22. Ne4 cxd4 23. Rxd4 Qc7 24. Rd7 Qc1+ 25. Bf1 Ng6 26. h4 Rfd8 27. Rd6
Nxe5 28. Nf6+ Kh8 29. Qe4 gxf6 0-1

[Event "Bank Lviv-open 2016 (C-Open)"]
[Site "Lviv"]
[Date "2016.03.14"]
[Round "13.6"]
[White "Malakhatko, Vadim"]
[Black "Rakhmangulov, Andrei"]
[Result "1-0"]
[WhiteElo "2595"]
[BlackElo "2457"]
[PlyCount "49"]
[EventDate "2016.03.14"]
[EventType "swiss (blitz)"]
[EventRounds "13"]
[EventCountry "UKR"]

1. c4 e5 2. Nc3 Nf6 3. e3 c6 4. Nf3 Bd6 5. d4 exd4 6. Nxd4 O-O 7. Bd3 Bb4 8.
Qc2 d5 9. cxd5 cxd5 10. O-O Nc6 11. Nxc6 bxc6 12. Na4 Qc7 13. h3 Bd6 14. Bd2 c5
15. Bc3 c4 16. Bf5 Be5 17. Rfd1 g6 18. Bxc8 Raxc8 19. Bxe5 Qxe5 20. Nc3 Rfd8
21. Rd4 Rc5 22. Rad1 Kg7 23. Qd2 Qe6 24. e4 Qe7 25. Re1 1-0